| 000 | 00873cab a2200265 4500 | ||
|---|---|---|---|
| 001 | WB3446-33 | ||
| 008 | 090401t1998 xxu||||| |||| 00| 0 eng d | ||
| 035 | _a(Sirsi) u90033 | ||
| 041 | _aeng | ||
| 245 | _aRichard Ellis merger `deceit` | ||
| 260 | _c1998 | ||
| 350 | _a0 | ||
| 490 |
_aProperty Week _v63(31) 27 November 1998, 1&3(1) |
||
| 520 | _aJohn Slade, a former partner and director of Richard Ellis, has issued a writ against the company alleging deceit, breach of fiduciary duty and failure to disclose important inside information, over a deal with Insignia. | ||
| 650 | _aDECEIT | ||
| 650 | _aFAILURE TO DISCLOSE FACTS | ||
| 650 | _aFIDUCIARY DUTY | ||
| 650 | _aINSIGNIA | ||
| 650 | _aCBRE | ||
| 650 | _aSHAREHOLDINGS | ||
| 650 | _aWRIT | ||
| 690 | _aMANAGEMENT-BUSINESS MANAGEMENT-PROFESSIONAL PRACTICE | ||
| 942 | _n0 | ||
| 948 | _c01/12/1998 | ||
| 999 |
_c57012 _d57012 |
||